| 000 | 00891nam a2200229Ia 4500 | ||
|---|---|---|---|
| 003 | GCL | ||
| 008 | 140319s9999 xx 000 0 ara d | ||
| 020 | _a4885101977 | ||
| 040 |
_aGCL / _cGCL |
||
| 082 | 0 | 4 |
_aق _b923.2 _bم م |
| 100 | 1 | _aمصطفى الغريب محمد القصير | |
| 245 | 1 | 0 |
_aمحمد حسين هيكل ودوره فى السياسة المصرية 1888 - 1956 / _cمصطفى الغريب محمد القصير |
| 260 |
_aالقاهرة : _bالهيئة المصرية العامة للكتاب ، _c2003 |
||
| 300 |
_a709 ص ؛ _c22 سم |
||
| 490 |
_aتاريخ المصريين _v243 |
||
| 650 | 0 | 4 | _aالسياسيون المصريون |
| 650 | 0 | 4 | _aمحمد حسين هيكل |
| 650 | 0 | 4 | _aمصر - المعاهدات |
| 650 | 0 | 4 | _aمصر - الاحوال السياسية |
| 650 | 0 | 4 | _aمصر - تاريخ - العصر الحديث |
| 942 |
_2ddc _cBK |
||
| 999 |
_c34369 _d34369 |
||